00952 2200337 4500001002100000005001500021035002000036007000300056040001600059100002800075245007300103300003200176041000800208082000800216090001900224264004700243336002100290337003000311338002300341650001800364850001000382008004100392020002200433250001000455084001400465500003300479504002700512990002500539990002500564990002500589INLIS00000000000451820260524092611 a0010-0122000150ta aSPBUPDbind0 aSuwardi LuisePengarang1 aStep by Step in Developing Vision & Value Statement /cSuwardi Luis aviii, 112 hal. ;c17 cmeCD0 aind a081 a081 SUW s 1-20 aJakarta :bGrademedia Pustaka Utama,c2009 2rdacontentaTeks 2rdamediaaTanpa Perantara 2rdacarrieravolume 4avisi dan misi aPUPAD260524 0  a978-979-22-4305-5 aCet.1 a081 SUW s atentang penulis, hlm 111-112 abibliografi, hlm 85-86 a11857/BR.KAPD.PDG 09 a11806/BR.KAPD.PDG 09 a11932/BR.KAPD.PDG 09